000 00570nam a2200193Ia 4500
005 20250508152920.0
008 008 250505s9999 xx 000 0 eng d
037 _aTextual
040 _aFEDL
_beng
_cFEDL
041 _aeng
_2eng
084 _a040, NEH
_qFEDL
245 0 _aJawaharlal Nehru's speeches. Vol 1
245 0 _cGovenment of India. Ministry of Information and Broadcasting
260 _aDelhi, India
_bThe Publications Division
_c1949
300 _ax,391p.
365 _aINR
_b6.5
942 _cTEXL
_h040, NEH
999 _c1339599
_d1339599